[Event "Drienica Saris op"]
[Site "Drienica"]
[Date "2020.08.09"]
[Round "3"]
[White "Durica, Andrej"]
[Black "Strapec, Lukas"]
[Result "1/2-1/2"]
[WhiteElo "1911"]
[BlackElo "1517"]
[PlyCount "126"]
[EventDate "2020.08.07"]
[EventType "swiss"]
[EventRounds "9"]
[EventCountry "SVK"]
[SourceTitle "CBM 197 Extra"]
[Source "ChessBase"]
[SourceDate "2020.09.30"]
[SourceVersion "1"]
[SourceVersionDate "2020.09.30"]
[SourceQuality "1"]

1. e4 c5 2. d4 cxd4 3. c3 d3 4. Bxd3 Nc6 5. Nf3 g6 6. 0-0 Bg7 7. c4 d6 8. h3 Nf6 9. Nc3 0-0 10. Be3 Nd7 11. Rc1 Nde5 12. Nxe5 Bxe5 13. f4 Bd4 14. Bxd4 Nxd4 15. Bb1 Nc6 16. Qd2 b6 17. Rcd1 Bb7 18. b3 Qc8 19. Nd5 Rd8 20. f5 Rd7 21. fxg6 hxg6 22. Rf4 Ne5 23. Rh4 Qf8 24. Rf1 Qg7 25. Bc2 f6 26. Bd1 Kf7 27. Bg4 Nxg4 28. Rxg4 Rc8 29. Qe3 Rcd8 30. h4 Ke8 31. Nf4 Qf7 32. Nxg6 Qh7 33. Rf5 Rc8 34. Nf4 Rc5 35. Nd5 Bxd5 36. cxd5 Rdc7 37. Qg3 Rc1+ 38. Kh2 R7c3 39. Rf3 R3c2 40. Rg7 Qxe4 41. Rg8+ Kd7 42. Qh3+ f5 43. Rxf5 Kc7 44. Rc8+ Kb7 45. Rxc2 Rxc2 46. h5 Rxg2+ 47. Qxg2 Qxf5 48. Qh3 Qf2+ 49. Kh1 Qe1+ 50. Kg2 Qe2+ 51. Kg3 Qe3+ 52. Kh4 Qf4+ 53. Qg4 Qf2+ 54. Kh3 Qf1+ 55. Qg2 Qf5+ 56. Kh4 Qf4+ 57. Qg4 Qf2+ 58. Kh3 Qf1+ 59. Kh2 Qf2+ 60. Qg2 Qh4+ 61. Qh3 Qf2+ 62. Kh1 Qe1+ 63. Kg2 Qe2+ 1/2-1/2

[Event "Bratislava Doprastav op"]
[Site "Bratislava"]
[Date "2013.07.03"]
[Round "7"]
[White "Racko, Jan"]
[Black "Durica, Andrej"]
[Result "1-0"]
[WhiteElo "1681"]
[BlackElo "1854"]
[PlyCount "50"]
[EventDate "2013.06.28"]
[EventType "swiss"]
[EventRounds "9"]
[EventCountry "SVK"]
[SourceTitle "EXT 2015"]
[Source "ChessBase"]
[SourceDate "2014.11.20"]
[SourceVersion "1"]
[SourceVersionDate "2014.11.20"]
[SourceQuality "1"]

1. d4 Nf6 2. Nf3 g6 3. c4 c5 4. Nc3 Bg7 5. g3 0-0 6. Bg2 Na6 7. 0-0 d6 8. Re1 Rb8 9. d5 Nc7 10. Qc2 b5 11. b3 bxc4 12. bxc4 Ncxd5 13. cxd5 Nxd5 14. Bd2 Nb4 15. Qd1 d5 16. h3 d4 17. Na4 Na6 18. Rc1 Qc7 19. Nxc5 Nxc5 20. Bb4 Rb5 21. Nxd4 Bxd4 22. Qxd4 Ne6 23. Rxc7 Nxd4 24. Bxe7 Re8 25. e3 Nf5 1-0

[Event "Bratislava Doprastav op"]
[Site "Bratislava"]
[Date "2013.06.30"]
[Round "4"]
[White "Durica, Andrej"]
[Black "Ludwig, Anton"]
[Result "1-0"]
[WhiteElo "1854"]
[BlackElo "1650"]
[PlyCount "101"]
[EventDate "2013.06.28"]
[EventType "swiss"]
[EventRounds "9"]
[EventCountry "SVK"]
[SourceTitle "EXT 2015"]
[Source "ChessBase"]
[SourceDate "2014.11.20"]
[SourceVersion "1"]
[SourceVersionDate "2014.11.20"]
[SourceQuality "1"]

1. e4 c6 2. d4 d5 3. e5 Bf5 4. g4 Bg6 5. h4 h6 6. h5 Bh7 7. e6 fxe6 8. Bd3 Bxd3 9. Qxd3 Nf6 10. Qg6+ Kd7 11. Nf3 Qe8 12. Ne5+ Kc7 13. Bf4 Kb6 14. Qd3 a5 15. Qb3+ Ka6 16. c4 b5 17. cxb5+ cxb5 18. Qc3 Ne4 19. Qd3 Nc6 20. a4 Nb4 21. Qe2 Rc8 22. Na3 Nd6 23. axb5+ Nxb5 24. 0-0 Kb6 25. Nxb5 Qxb5 26. Qxb5+ Kxb5 27. Ng6 Rg8 28. Rfc1 Rxc1+ 29. Rxc1 Nd3 30. Rc8 Nxf4 31. Nxf4 Kb4 32. Nxe6 Kb3 33. Rb8+ Ka4 34. Nf4 Rh8 35. Ng6 Rg8 36. f4 e6 37. Kg2 Bb4 38. Rxg8 Kb3 39. Rxg7 Kxb2 40. g5 hxg5 41. fxg5 Bc3 42. Re7 a4 43. Rxe6 a3 44. Nf4 Bxd4 45. Nxd5 a2 46. Re2+ Kb3 47. Rxa2 Kxa2 48. Nf6 Kb3 49. h6 Be3 50. Ne4 Kc4 51. h7 1-0

[Event "SVK-chT2A 1213"]
[Site "Slovakia"]
[Date "2013.02.17"]
[Round "9.5"]
[White "Durica, Andrej"]
[Black "Balogh, Peter1111"]
[Result "0-1"]
[WhiteElo "1839"]
[BlackElo "2013"]
[PlyCount "102"]
[EventDate "2012.10.13"]
[EventType "team-tourn"]
[EventRounds "11"]
[EventCountry "SVK"]
[SourceTitle "EXT 2015"]
[Source "ChessBase"]
[SourceDate "2014.11.20"]
[SourceVersion "1"]
[SourceVersionDate "2014.11.20"]
[SourceQuality "1"]
[WhiteTeam "Devinska Nova Ves II"]
[BlackTeam "Gabcikovo"]
[WhiteTeamCountry "SVK"]
[BlackTeamCountry "SVK"]

1. e4 e5 2. f4 exf4 3. Nf3 g5 4. h4 g4 5. Ng5 d5 6. exd5 Nf6 7. Qe2+ Be7 8. Nc3 h6 9. Nge4 0-0 10. d3 Nh5 11. Bd2 Bxh4+ 12. Rxh4 Qxh4+ 13. Qf2 Qxf2+ 14. Kxf2 Nd7 15. Ne2 f5 16. N4c3 f3 17. gxf3 gxf3 18. Nd4 Ne5 19. Nxf3 Ng4+ 20. Kg2 Bd7 21. Be2 Kh7 22. Rh1 Rg8 23. Ng5+ Kg6 24. Bxg4 fxg4 25. Nge4 Raf8 26. Ne2 Rh8 27. Bc3 Rh7 28. Be5 Bf5 29. N4g3 Nxg3 30. Nf4+ Kg5 31. Kxg3 h5 32. Rh4 Re8 33. d4 c5 34. c3 cxd4 35. cxd4 Rc8 36. d6 Rc1 37. Ne2 Rc2 38. Nf4 Rxb2 39. d5 Rxa2 40. Ne6+ Bxe6 41. dxe6 Kg6 42. d7 Rd2 43. Bc7 Rh8 44. Rh2 Rd5 45. Re2 Kf5 46. Re5+ Rxe5 47. Bxe5 h4+ 48. Kg2 h3+ 49. Kg3 h2 50. Bxh8 h1Q 51. d8Q Qg1+ 0-1